<?xml version="1.0" encoding="UTF-8"?>
<record
    xmlns:xsi="http://www.w3.org/2001/XMLSchema-instance"
    xsi:schemaLocation="http://www.loc.gov/MARC21/slim http://www.loc.gov/standards/marcxml/schema/MARC21slim.xsd"
    xmlns="http://www.loc.gov/MARC21/slim">

  <leader>00393nam a2200133Ia 4500</leader>
  <controlfield tag="008">220530s9999    xx            000 0 und d</controlfield>
  <datafield tag="020" ind1=" " ind2=" ">
    <subfield code="a">9789381579121</subfield>
  </datafield>
  <datafield tag="040" ind1=" " ind2=" ">
    <subfield code="a">eng</subfield>
  </datafield>
  <datafield tag="100" ind1=" " ind2=" ">
    <subfield code="a">CHANAGIRI S AURASANG</subfield>
    <subfield code="9">61151</subfield>
  </datafield>
  <datafield tag="245" ind1=" " ind2=" ">
    <subfield code="a">COMMUNITY HEALTH NURSING CLINICAL EXPERIENCE RECORD BOOK</subfield>
  </datafield>
  <datafield tag="250" ind1=" " ind2=" ">
    <subfield code="a">SECOND</subfield>
  </datafield>
  <datafield tag="260" ind1=" " ind2=" ">
    <subfield code="a">BANGLORE</subfield>
    <subfield code="b">EMMESS PUBLISHER</subfield>
    <subfield code="c">2012</subfield>
  </datafield>
  <datafield tag="650" ind1=" " ind2=" ">
    <subfield code="a">COMMUNITY HEALTH NURSING</subfield>
    <subfield code="9">61152</subfield>
  </datafield>
  <datafield tag="999" ind1=" " ind2=" ">
    <subfield code="c">2456</subfield>
    <subfield code="d">2456</subfield>
  </datafield>
  <datafield tag="952" ind1=" " ind2=" ">
    <subfield code="0">0</subfield>
    <subfield code="1">0</subfield>
    <subfield code="4">0</subfield>
    <subfield code="7">0</subfield>
    <subfield code="a">SNCN</subfield>
    <subfield code="b">SNCN</subfield>
    <subfield code="d">2015-06-28</subfield>
    <subfield code="e">TEXTBOOK DONATED EMMS MEDICAL PUBLISHER</subfield>
    <subfield code="g">250.00</subfield>
    <subfield code="p">SNCN-BK-1564</subfield>
    <subfield code="r">2022-05-31 00:00:00</subfield>
    <subfield code="w">2022-05-31</subfield>
    <subfield code="y">DB</subfield>
    <subfield code="z">1564</subfield>
  </datafield>
  <datafield tag="952" ind1=" " ind2=" ">
    <subfield code="0">0</subfield>
    <subfield code="1">0</subfield>
    <subfield code="2">ddc</subfield>
    <subfield code="4">0</subfield>
    <subfield code="7">0</subfield>
    <subfield code="a">SNCN</subfield>
    <subfield code="b">SNCN</subfield>
    <subfield code="d">2025-06-27</subfield>
    <subfield code="e">Donated by Kajal Ashwapal Motghare</subfield>
    <subfield code="g">560.00</subfield>
    <subfield code="i">IK#2025-26#00583</subfield>
    <subfield code="o">610.73/AUR</subfield>
    <subfield code="p">SNCN-DB-305</subfield>
    <subfield code="r">2025-05-07 00:00:00</subfield>
    <subfield code="v">560.00</subfield>
    <subfield code="w">2025-06-26</subfield>
    <subfield code="y">DB</subfield>
  </datafield>
</record>
